| 000 -ლიდერი |
| ფიქსირებული სიგრძის საკონტროლო ველი |
01248nam a22002177a 4500 |
| 003 - საკონტროლო ნომრის იდენტიფიკატორი |
| საკონტროლო ველი |
Ge_BSU |
| 005 - ბოლო ოპერაციის თარიღი და დრო |
| საკონტროლო ველი |
20230510130207.0 |
| 008 - ფიქსირებული სიგრძის მონაცემთა ელემენტები - ზოგადი ინფორმაცია |
| ფიქსირებული სიგრძის საკონტროლო ველი |
230510s1987 ge ||||| |||| 00| 0 geo d |
| 041 ## - ენის კოდი |
| Language code of text/sound track or separate title |
geo |
| 080 ## - უნივერსალური ათობითი კლასიფიკაციის ინდექსი |
| Universal Decimal Classification number |
94(37) ც-77 |
| 100 ## - მთავარი ჩანაწერი - პიროვნების სახელი |
| Personal name |
ციცერონი, მარკუს ტულიუს |
| 9 (RLIN) |
15557 |
| 245 ## - ცნობა სათაურის შესახებ |
| Title |
სიტყვები კატილინას წინააღმდეგ / |
| Statement of responsibility, etc |
მარკუს ტულიუს ციცერონი ; ლათ. თარგმ., შესავ. წერილი, შენიშვ. და საძიებელი დაურთო იამზე გაგუამ ; რედ.: ა. ურუშაძე. |
| 264 ## - წარმოების, გამოცემის, დისტრიბუციის და სხვა ცნობები |
| გამოცემის, წარმოების, დისტრიბუციის... ადგილი |
თბილისი : |
| გამოცემის, წარმოების, დისტრიბუციის... სახელწოდება |
თბილ. უნ-ტის გამ-ბა, |
| გამოცემის, წარმოების, დისტრიბუციის... თარიღი |
1987. |
| 300 ## - ფიზიკური აღწერა |
| Extent |
71 გვ. ; |
| Other physical details |
20 სმ. |
| 501 ## - შენიშვნა თანმხლებ მასალაზე |
| With note |
საკუთარ სახელთა საძიებელი: გვ. 68-70. |
| 504 ## - BIBLIOGRAPHY, ETC. NOTE |
| Bibliography, etc |
შენიშვნები: გვ. 63-67. |
| 653 ## - INDEX TERM--UNCONTROLLED |
| Uncontrolled term |
ძველი რომის ისტორია. |
| 700 ## - ADDED ENTRY--PERSONAL NAME |
| Personal name |
ურუშაძე, ა. |
| Relator term |
რედაქტორი |
| 9 (RLIN) |
3915 |
| 700 ## - ADDED ENTRY--PERSONAL NAME |
| Personal name |
გაგუა, იამზე |
| Relator term |
მთარგმნელი |
| 9 (RLIN) |
18070 |
| 942 ## - ADDED ENTRY ELEMENTS (KOHA) |
| Source of classification or shelving scheme |
|
| Koha item type |
წიგნი |